White biotechnology

Salvato in:
Dettagli Bibliografici
Autore principale: Ulber, Roland
Altri autori: Sell, Dieter
Natura: Libro
Lingua:inglese
Pubblicazione: Berlín, Alemania Springer 2007
Serie:Advances in Biochemical Engineering-Biotechnology. 105
Soggetti:
Tags: Aggiungi Tag
Nessun Tag, puoi essere il primo ad aggiungerne!!

MARC

LEADER 00000cam a2200000 a 4500
001 UCG9728
003 CL-VaPUC
005 20210318001306.0
008 120330e20070000GW |||||||||||||||||eng|d
999 |c 347274  |d 347272 
020 |a 9783540456957 
040 |c Pontificia Universidad Católica de Valparaíso 
082 0 4 |a 664.024 ULB 2007  |2 21 
100 0 |a Ulber, Roland  |9 561379 
245 1 0 |a White biotechnology 
260 0 3 |a Berlín, Alemania  |b Springer  |c 2007 
300 |a 301 páginas 
490 0 |a Advances in Biochemical Engineering-Biotechnology.  |v 105 
583 |a last modification  |c 20160920 03:27:24  |k Rodrigo Vera 
650 7 |a TECNOLOGIA DE ALIMENTOS  |2 CL-VaPUC  |9 561381 
650 0 |a Biotecnología   |9 259561 
700 0 |a Sell, Dieter  |9 561380 
942 |c BK  |2 ddc 
945 |d 20120330 00:00:00  |a dcastane 
952 |0 0  |1 0  |2 ddc  |4 0  |6 664_024000000000000_ULB_2007  |7 0  |8 A  |9 448515  |a BIBCUR  |b BIBCUR  |d 2019-11-22  |i 4851226  |o 664.024 ULB 2007  |p 4851226  |r 2025-04-22  |t 1  |w 2019-11-22  |y BK  |k BIO 
952 |0 0  |1 0  |2 ddc  |3 erd  |4 0  |6 664_024000000000000_ULB_2007  |7 0  |8 A  |9 448516  |a BIBING  |b BIBING  |i 5419069  |o 664.024 ULB 2007  |p 5419069  |r 2025-01-20  |t 2  |w 2019-11-22  |y BK  |z Catalogado en:20170825  |k EIB